Números romanos de 2 letras - Estadísticas

Estadísticas generales
  • Esta prueba ha sido intentada 4.795 veces
  • La puntuación promedio es 23 de 31
Estadísticas de respuestas
# Romano % Correcto
2 II
98%
4 IV
98%
6 VI
98%
11 XI
98%
9 IX
97%
20 XX
93%
15 XV
91%
51 LI
82%
101 CI
81%
110 CX
76%
55 LV
76%
60 LX
76%
105 CV
75%
40 XL
75%
200 CC
74%
150 CL
71%
1001 MI
71%
2000 MM
70%
90 XC
70%
1100 MC
67%
1010 MX
65%
1050 ML
64%
1005 MV
63%
900 CM
60%
501 DI
60%
510 DX
57%
400 CD
56%
600 DC
55%
550 DL
54%
505 DV
54%
1500 MD
53%
No se encontraron pruebas coincidentes
Distribución de puntuación
Porcentaje de gente con cada puntuación
Porcentaje por número respondido
Historial de tus puntuaciones
No has intentado esta prueba.